Tuyển tập truyện ngắn

Salvato in:
Dettagli Bibliografici
Autore principale: Tuyển tập truyện ngắn
Natura: Libro
Lingua:Undetermined
Pubblicazione: Hà Nội Hội Nhà Văn 1999
Soggetti:
Tags: Aggiungi Tag
Nessun Tag, puoi essere il primo ad aggiungerne! !
Thư viện lưu trữ: Trung tâm Học liệu Trường Đại học Cần Thơ
LEADER 00634nam a2200193Ia 4500
001 CTU_32610
008 210402s9999 xx 000 0 und d
020 |b 61.000đ 
082 |a 894.3 
082 |b N461 
100 |a Tuyển tập truyện ngắn 
245 0 |a Tuyển tập truyện ngắn 
245 0 |c Tuyển tập truyện ngắn, Azid Nésin; Dịch giả: Thái Hà, Đức Mẫn 
260 |a Hà Nội 
260 |b Hội Nhà Văn 
260 |c 1999 
650 |a turkish fiction - collections 
904 |i Minh, 990813 
980 |a Trung tâm Học liệu Trường Đại học Cần Thơ